000 00599nam a22001817a 4500
005 20221110151348.0
008 221110b ||||| |||| 00| 0 eng d
040 _cAL
082 _223
_a338.17351
_bSTAI
100 _aStanding Committee on Cotton
_961694
245 _aICMF Cotton Development And Research Association: Annual report 1979-1980
260 _aBombay
_bStanding Committee on Cotton
_c1981
300 _a42 p.
_bPB
_c20.5x13.5 cm.
650 _aCotton trade
_961695
650 _aCotton textile industry
_961696
700 _aSTANDING COMMITTEE ON COTTON
_961697
942 _2ddc
_cGF
999 _c225128
_d225128